00252 a2200109 4500245003100000100002000031650001400051005001700065260002700082084001600109999001700125 aMagdalene of CanossahText aGiacon, Modesto aSOCIOLOGY20191021095715.0 aITALYbNOVASTAMAc1988 aPS3613.C494 c12576d12576